Statistics for Countries by Landmarks - Hard

Click here to take the quiz!

General Stats

  • This quiz has been taken 32 times
  • The average score is 11 of 16

Answer Stats

Answer% Correct
Russia
100%
Australia
92%
China
92%
France
92%
Italy
92%
Jordan
92%
Cambodia
88%
Mexico
88%
Spain
83%
Germany
67%
United States
67%
Iran
50%
United Kingdom
42%
Japan
38%
India
29%
Pakistan
29%

Score Distribution

Percentile by Number Answered

Percent of People with Each Score

Your Score History

You have not taken this quiz